Statistics for Mortal Kombat Ninja Color Quiz

Click here to take the quiz!

General Stats

  • This quiz has been taken 411 times
  • The average score is 7 of 8

Answer Stats

ColorAnswer% Correct
BlueSub Zero
100%
YellowScorpion
99%
GreenReptile
96%
GraySmoke
95%
PurpleRain
92%
BlackNoob Saibot
91%
RedErmac
90%
BrownTremor
66%

Score Distribution

Percentile by Number Answered

Percent of People with Each Score

Your Score History

You have not taken this quiz